|
|
|
|
| LEADER |
02705nam a2200709 4500 |
| 001 |
ocn827235489 |
| 003 |
OCoLC |
| 005 |
20170124070119.1 |
| 006 |
m o d |
| 007 |
cr cnu---unuuu |
| 008 |
130211s2013 enka ob 001 0 eng d |
| 040 |
|
|
|a N$T
|b eng
|e pn
|c N$T
|d YDXCP
|d COO
|d IDEBK
|d E7B
|d DG1
|d NLGGC
|d OCLCF
|d UKDOC
|d RIV
|d OCLCQ
|d DEBBG
|d D6H
|d GrThAP
|
| 020 |
|
|
|a 9781118369111
|q (electronic bk.)
|
| 020 |
|
|
|a 1118369114
|q (electronic bk.)
|
| 020 |
|
|
|a 9781118702710
|q (electronic bk.)
|
| 020 |
|
|
|a 1118702719
|q (electronic bk.)
|
| 020 |
|
|
|a 9781299157552
|q (MyiLibrary)
|
| 020 |
|
|
|a 1299157556
|q (MyiLibrary)
|
| 020 |
|
|
|z 9781405193269
|
| 020 |
|
|
|z 1405193263
|
| 029 |
1 |
|
|a DEBBG
|b BV041049400
|
| 029 |
1 |
|
|a DEBBG
|b BV041907951
|
| 029 |
1 |
|
|a NZ1
|b 15915066
|
| 029 |
1 |
|
|a DEBBG
|b BV043395388
|
| 035 |
|
|
|a (OCoLC)827235489
|
| 050 |
|
4 |
|a SF991
|b .P375 2013eb
|
| 060 |
|
4 |
|a SF 992.O74
|b P297a 2013
|
| 072 |
|
7 |
|a MED
|x 089020
|2 bisacsh
|
| 072 |
|
7 |
|a MED
|x 089030
|2 bisacsh
|
| 082 |
0 |
4 |
|a 636.089/78
|2 23
|
| 049 |
|
|
|a MAIN
|
| 100 |
1 |
|
|a Paterson, Sue.
|
| 245 |
1 |
0 |
|a Atlas of ear diseases of the dog and cat /
|c Sue Paterson & Karen Tobias.
|
| 264 |
|
1 |
|a Chichester, West Sussex ;
|a Ames, Iowa :
|b Wiley-Blackwell,
|c 2013.
|
| 300 |
|
|
|a 1 online resource (xi, 172 pages) :
|b color illustrations
|
| 336 |
|
|
|a text
|b txt
|2 rdacontent
|
| 337 |
|
|
|a computer
|b c
|2 rdamedia
|
| 338 |
|
|
|a online resource
|b cr
|2 rdacarrier
|
| 504 |
|
|
|a Includes bibliographical references and index.
|
| 588 |
0 |
|
|a Print version record.
|
| 650 |
|
0 |
|a Dogs
|x Diseases
|v Atlases.
|
| 650 |
|
0 |
|a Cats
|x Diseases
|v Atlases.
|
| 650 |
|
0 |
|a Ear
|x Diseases
|v Atlases.
|
| 650 |
|
4 |
|a Gossos
|x Malalties
|x Atles.
|
| 650 |
|
4 |
|a Gats
|x Malalties
|x Atles.
|
| 650 |
|
4 |
|a Orelles
|x Malalties.
|
| 650 |
|
7 |
|a MEDICAL
|x Veterinary Medicine
|x Food Animal.
|2 bisacsh
|
| 650 |
|
7 |
|a MEDICAL
|x Veterinary Medicine
|x Small Animal.
|2 bisacsh
|
| 650 |
|
7 |
|a Cats
|x Diseases.
|2 fast
|0 (OCoLC)fst00849387
|
| 650 |
|
7 |
|a Dogs
|x Diseases.
|2 fast
|0 (OCoLC)fst00896282
|
| 650 |
|
7 |
|a Ear
|x Diseases.
|2 fast
|0 (OCoLC)fst00900550
|
| 650 |
|
2 |
|a Ear Diseases
|v Atlases
|x veterinary.
|
| 650 |
|
2 |
|a Cat Diseases
|v Atlases.
|
| 650 |
|
2 |
|a Dog Diseases
|v Atlases.
|
| 655 |
|
4 |
|a Electronic books.
|
| 655 |
|
4 |
|a Llibres electrònics.
|
| 655 |
|
7 |
|a Atlases.
|2 fast
|0 (OCoLC)fst01423875
|
| 655 |
|
7 |
|a Electronic books.
|2 local
|
| 700 |
1 |
|
|a Tobias, Karen M.
|
| 776 |
0 |
8 |
|i Print version:
|a Paterson, Sue.
|t Atlas of ear diseases of the dog and cat.
|d Chichester, West Sussex ; Ames, Iowa : Wiley-Blackwell, 2013
|z 9781405193269
|w (DLC) 2012010185
|w (OCoLC)789661385
|
| 856 |
4 |
0 |
|u https://doi.org/10.1002/9781118702710
|z Full Text via HEAL-Link
|
| 994 |
|
|
|a 92
|b DG1
|